00906nam a22002297a 4500008004100000020001500041020001500056040001800071041000800089245008300097260006100180300003800241490003400279504005300313650003500366650005800401650001800459700002900477700002500506856006800531856007700599130821s2004 enka gr eng  a0521547873 a052183919X aCo-BoUCMbspa00aeng00aApplied time series econometricsceditoresHelmut Lütkepohl, Markus Krötzig aCambridge (Inglaterra)bCambridge University Pressc2004 axxv, 323 páginasbilustraciones 0aThemes in modern econometrics aIncluye referencias bibliográficas e índice.04aAnálisis de series de tiempo04aAnálisis de series de tiempovModelos matemáticos04aEconometría1 aKrötzig, Markusd1974-1 aLütkepohl, Helmut.413Contenidouhttp://www.loc.gov/catdir/toc/cam041/2003068720.html423Publicadoruhttp://www.loc.gov/catdir/description/cam041/2003068720.html